Famous Leagues Quiz Stats

Quiz Updated Feb 6, 2017

Also try: Groups of Four
Challenge
Share
Tweet
Embed
Score 0/27 Timer 03:00
0 Plays Today
% Correct
Brown University
96.7%
Cornell University
96.5%
Dartmouth College
96%
Yemen
90.9%
Lebanon
90.4%
Algeria
89.9%
Manchester United
89.9%
St. Louis Cardinals
88.3%
Allan Quatermain
87.3%
Cleveland Browns
86.8%
Los Angeles Chargers
86.8%
Chelsea
86.6%
Chicago Blackhawks
86%
Seattle Mariners
85.7%
% Correct
Geena Davis
85.5%
Arsenal
85.1%
Captain Nemo
84%
Miami Marlins
82.7%
Hawley Griffin
82.5%
Calgary Flames
81.9%
Lori Petty
81.3%
Houston Texans
80.8%
Madonna
80.5%
Idaho Stampede
79.3%
Arizona Coyotes
77.3%
Fort Wayne Mad Ants
76.9%
Iowa Energy
72.2%

You're not logged in!

Compare scores with friends on all Sporcle quizzes.
Sign Up with Email
OR
Log In

You Might Also Like...

Show Comments

Extras

Top Quizzes Today


Score Distribution

Your Account Isn't Verified!

In order to create a playlist on Sporcle, you need to verify the email address you used during registration. Go to your Sporcle Settings to finish the process.